<?xml version="1.0" encoding="UTF-8"?>
<record
    xmlns:xsi="http://www.w3.org/2001/XMLSchema-instance"
    xsi:schemaLocation="http://www.loc.gov/MARC21/slim http://www.loc.gov/standards/marcxml/schema/MARC21slim.xsd"
    xmlns="http://www.loc.gov/MARC21/slim">

  <leader>02208nam a22002657a 4500</leader>
  <controlfield tag="001">8896</controlfield>
  <controlfield tag="003">FISKH</controlfield>
  <controlfield tag="005">20251030101424.0</controlfield>
  <controlfield tag="008">251030b        cb ||||| |||| 00| 0 eng d</controlfield>
  <datafield tag="020" ind1=" " ind2=" ">
    <subfield code="a">9789995001551</subfield>
  </datafield>
  <datafield tag="040" ind1=" " ind2=" ">
    <subfield code="a">FISKH</subfield>
    <subfield code="b">khr</subfield>
    <subfield code="c">FISKH</subfield>
    <subfield code="d">FISKH</subfield>
  </datafield>
  <datafield tag="050" ind1=" " ind2=" ">
    <subfield code="a">PZ7</subfield>
  </datafield>
  <datafield tag="082" ind1=" " ind2=" ">
    <subfield code="a">372</subfield>
  </datafield>
  <datafield tag="100" ind1=" " ind2=" ">
    <subfield code="a">Kimsan, Eung</subfield>
  </datafield>
  <datafield tag="245" ind1=" " ind2=" ">
    <subfield code="a">&#x179C;&#x17B7;&#x1791;&#x17D2;&#x1799;&#x17B6;&#x179F;&#x17B6;&#x179F;&#x17D2;&#x178F;&#x17D2;&#x179A;-&#x179F;&#x17B7;&#x1780;&#x17D2;&#x179F;&#x17B6;&#x179F;&#x1784;&#x17D2;&#x1782;&#x1798; &#x1790;&#x17D2;&#x1793;&#x17B6;&#x1780;&#x17CB;&#x1791;&#x17B8;&#x17E1; / </subfield>
    <subfield code="c">&#x1782;&#x178E;&#x17C7;&#x1780;&#x1798;&#x17D2;&#x1798;&#x1780;&#x17B6;&#x179A;&#x1793;&#x17B7;&#x1796;&#x1793;&#x17D2;&#x1792; &#x179B;&#x17C4;&#x1780;&#x179F;&#x17D2;&#x179A;&#x17B8; &#x17A2;&#x17BB;&#x17BA;&#x1784; &#x1782;&#x17B9;&#x1798;&#x179F;&#x17B6;&#x1793; , &#x179B;&#x17C4;&#x1780;&#x179F;&#x17D2;&#x179A;&#x17B8; &#x1790;&#x17B6;&#x1785;&#x17CB; &#x1792;&#x17B8;&#x179F;&#x17B6;&#x179A;&#x17C9;&#x1793; , &#x179B;&#x17C4;&#x1780;&#x179F;&#x17D2;&#x179A;&#x17B8;&#x200B; &#x179C;&#x17C9;&#x17B6;&#x1793;&#x17CB; &#x179F;&#x17BB;&#x1797;&#x17B8;&#x200B;, &#x179B;&#x17C4;&#x1780; &#x1784;&#x17B7;&#x1793;&#x200B; &#x179F;&#x17BB;&#x1797;&#x17B6;&#x1796; &#x1793;&#x17B7;&#x1784; &#x179B;&#x17C4;&#x1780;&#x200B; &#x1798;&#x17B6;&#x179F;&#x200B; &#x1787;&#x17BB;&#x178F;&#x17B7;&#x1798;&#x17B6;</subfield>
  </datafield>
  <datafield tag="260" ind1=" " ind2=" ">
    <subfield code="a">&#x1797;&#x17D2;&#x1793;&#x17C6;&#x1796;&#x17C1;&#x1789; :</subfield>
    <subfield code="b">&#x1782;&#x17D2;&#x179A;&#x17B9;&#x17C7;&#x179F;&#x17D2;&#x1790;&#x17B6;&#x1793;&#x1794;&#x17C4;&#x17C7;&#x1796;&#x17BB;&#x1798;&#x17D2;&#x1796;&#x1793;&#x17B7;&#x1784;&#x1785;&#x17C2;&#x1780;&#x1795;&#x17D2;&#x179F;&#x17B6;&#x1799; ,</subfield>
    <subfield code="c">2023 . </subfield>
  </datafield>
  <datafield tag="300" ind1=" " ind2=" ">
    <subfield code="a">92 pages : </subfield>
    <subfield code="b">illustrations ; </subfield>
    <subfield code="c">25 cm . </subfield>
  </datafield>
  <datafield tag="520" ind1=" " ind2=" ">
    <subfield code="a">&#x179F;&#x17C0;&#x179C;&#x1797;&#x17C5;&#x1793;&#x17C1;&#x17C7;&#x179F;&#x1798;&#x17D2;&#x1794;&#x17BC;&#x179A;&#x1791;&#x17C5;&#x178A;&#x17C4;&#x1799;&#x179A;&#x17BC;&#x1794;&#x1797;&#x17B6;&#x1796;&#x178A;&#x17C2;&#x179B;&#x1794;&#x1784;&#x17D2;&#x1780;&#x1794;&#x17CB;&#x1781;&#x17D2;&#x179B;&#x17B9;&#x1798;&#x179F;&#x17B6;&#x179A; &#x1796;&#x17B6;&#x1780;&#x17D2;&#x1799;&#x178A;&#x17C6;&#x1794;&#x17BC;&#x1793;&#x17D2;&#x1798;&#x17B6;&#x1793; &#x1796;&#x17D0;&#x178F;&#x17CF;&#x1798;&#x17B6;&#x1793;&#x1795;&#x17D2;&#x179F;&#x17C1;&#x1784;&#x17D7;&#x17A2;&#x17B6;&#x1785;&#x1792;&#x17D2;&#x179C;&#x17BE;&#x17A2;&#x17C4;&#x1799;&#x1794;&#x17D2;&#x17A2;&#x17BC;&#x1793;&#x17D7;&#x1784;&#x17B6;&#x1799;&#x1799;&#x179B;&#x17CB; &#x1793;&#x17B7;&#x1784;&#x179F;&#x1794;&#x17D2;&#x1794;&#x17B6;&#x1799;&#x179A;&#x17B8;&#x1780;&#x179A;&#x17B6;&#x1799;&#x1790;&#x17C2;&#x1798;&#x1791;&#x17C0;&#x178F; &#x17D4;&#x200B; &#x178F;&#x17B6;&#x1798;&#x179A;&#x1799;&#x17C7;&#x179F;&#x17C0;&#x179C;&#x1797;&#x17C5;&#x1793;&#x17C1;&#x17C7; &#x1794;&#x17D2;&#x17A2;&#x17BC;&#x1793;&#x17D7;&#x17A2;&#x17B6;&#x1785;&#x179A;&#x17C0;&#x1793;&#x1792;&#x17D2;&#x179C;&#x17BE;&#x179B;&#x17C6;&#x17A0;&#x17B6;&#x178F;&#x17CB; &#x17A0;&#x17B6;&#x178F;&#x17CB;&#x1792;&#x17D2;&#x179C;&#x17BE;&#x1780;&#x17B6;&#x179A;&#x179F;&#x1784;&#x17D2;&#x1780;&#x17C1;&#x178F; &#x1796;&#x178E;&#x17CF;&#x1793;&#x17B6; &#x1785;&#x17C2;&#x1780;&#x1790;&#x17D2;&#x1793;&#x17B6;&#x1780;&#x17CB; &#x179F;&#x17D2;&#x179A;&#x17B6;&#x179C;&#x1787;&#x17D2;&#x179A;&#x17B6;&#x179C; &#x1793;&#x17B7;&#x1784;&#x179C;&#x17B7;&#x1797;&#x17B6;&#x1782;&#x1781;&#x17D2;&#x179B;&#x17B9;&#x1798;&#x179F;&#x17B6;&#x179A;&#x1798;&#x17C1;&#x179A;&#x17C0;&#x1793;&#x178A;&#x17C4;&#x1799;&#x1781;&#x17D2;&#x179B;&#x17BD;&#x1793;&#x17AF;&#x1784; &#x17D4; </subfield>
  </datafield>
  <datafield tag="520" ind1=" " ind2=" ">
    <subfield code="a">This book is full of pictures that contain meaningful content, advice, and various information that help students understand more easily and enjoy learning even more. Through this book, students can practice doing exercises, observing, describing, classifying, researching, and analyzing the lesson content on their own.</subfield>
  </datafield>
  <datafield tag="650" ind1=" " ind2=" ">
    <subfield code="a">&#x179C;&#x17B7;&#x1791;&#x17D2;&#x179F;&#x17B6;&#x179F;&#x17B6;&#x179F;&#x17D2;&#x179A;&#x17D2;&#x178F;-&#x179F;&#x17B7;&#x1780;&#x17D2;&#x179F;&#x17B6;&#x179F;&#x1784;&#x17D2;&#x1782;&#x1798;</subfield>
  </datafield>
  <datafield tag="650" ind1=" " ind2=" ">
    <subfield code="a">Science and Social Studies</subfield>
  </datafield>
  <datafield tag="700" ind1=" " ind2=" ">
    <subfield code="a">Sovanna, Long</subfield>
    <subfield code="e">Illustrator </subfield>
  </datafield>
  <datafield tag="942" ind1=" " ind2=" ">
    <subfield code="2">ddc</subfield>
    <subfield code="c">KHB</subfield>
    <subfield code="n">0</subfield>
  </datafield>
  <datafield tag="999" ind1=" " ind2=" ">
    <subfield code="c">8896</subfield>
    <subfield code="d">8896</subfield>
  </datafield>
  <datafield tag="952" ind1=" " ind2=" ">
    <subfield code="0">0</subfield>
    <subfield code="1">0</subfield>
    <subfield code="2">ddc</subfield>
    <subfield code="4">0</subfield>
    <subfield code="7">0</subfield>
    <subfield code="8">REF</subfield>
    <subfield code="a">002</subfield>
    <subfield code="b">002</subfield>
    <subfield code="c">TTP Khmer</subfield>
    <subfield code="d">2025-10-30</subfield>
    <subfield code="l">0</subfield>
    <subfield code="o">KIM PZ7 372</subfield>
    <subfield code="p">2025-4765</subfield>
    <subfield code="r">2025-10-30 10:14:21</subfield>
    <subfield code="w">2025-10-30</subfield>
    <subfield code="y">KHB</subfield>
  </datafield>
</record>
